Aspectos de la novela

Salvato in:
Dettagli Bibliografici
Autore principale: Forster, Edward Morgan (Autore)
Natura: Libro
Lingua:spagnolo
Pubblicazione: Valparaíso Instituto Pedagógico de Valparaíso 1958
Soggetti:
Tags: Aggiungi Tag
Nessun Tag, puoi essere il primo ad aggiungerne!!

MARC

LEADER 00000nam a2200000 a 4500
001 UCR9493
003 CL-VaPUC
008 980613e19580000CL |||||||||||||||||spa|d
082 0 4 |a 801.953  |b FOR  |2 21 
100 0 |a Forster, Edward Morgan  |e author  |9 412090 
245 1 0 |a Aspectos de la novela 
300 |a 97 p 
942 |c BK 
945 |d 19980613 00:00:00  |a crobeson 
260 |a Valparaíso  |b Instituto Pedagógico de Valparaíso  |c 1958 
650 7 |a NOVELA HISTORIA Y CRITICA  |2 CL-VaPUC  |9 316722 
650 0 |a Crítica literaria   |9 269189 
583 |a last modification  |c 19980613 00:00:00  |k Rodrigo Vera 
999 |c 270685  |d 270683 
952 |0 0  |1 0  |4 0  |6 801_953000000000000_FOR_1958  |7 0  |8 A  |9 305060  |a BIBEDU  |b BIBEDU  |d 2019-11-20  |i 1413996  |o 801.953 FOR 1958  |p 1413996  |r 2019-11-20  |w 2019-11-20  |y BK  |k LIT